000
00314nam a2200121Ia 4500
008
220216s9999 xx 000 0 und d
100
_a
Fraser A
245
0
_a
Plant used in the manufacture of synthetic resins
260
_b
IRI Transactions
_c
1931
300
_a
516-525
650
_a
Synthetic resins
942
_c
JS
999
_c
65106
_d
65106